قبلى النجع : (Record no. 12715)
[ view plain ]
| 000 -الفاتح | |
|---|---|
| حقل البيانات ثابتة الطول | 01015nam a22003015a 4500 |
| 003 - محدد رقم الضبط | |
| رقم الضبط | EG-ScBuE |
| 005 - وقت وتاريخ اخر تعامل مع التسجيلة | |
| رقم الضبط | 20210210103620.0 |
| 008 - عناصر البيانات ثابتة الطول - معلومات عامة | |
| حقل البيانات ثابتة الطول | 090826s2004 ua f 000 p ara d |
| 017 ## - رقم الإيداع القانونى | |
| رقم الإيداع القانونى | 2004/5565 |
| 020 ## - الرقم الدولى المعيارى للكتب | |
| الرقم الدولى المعيارى للكتاب | 9773057054 |
| 040 ## - مصدر الفهرسة | |
| وكالة الفهرسة الأصلية | EG-ScBuE |
| لغة الفهرسة | ara |
| قواعد الوصف | rda |
| وكالة النسخ | EG-ScBuE |
| وكالة التعديل | EG-ScBuE |
| 082 04 - رقم تصنيف ديوى العشرى | |
| رقم التصنيف | 892.716 |
| رقم المادة | ع د ي |
| رقم الطبعة | 22 |
| 100 1# - المدخل الرئيسى - إسم شخصى | |
| 9 (RLIN) | 8678 |
| الإسم الشخصى | العديسي، السيد، |
| الدور | مؤلف. |
| 245 10 - بيان العنوان | |
| العنوان | قبلى النجع : |
| بقية العنوان | شعر / |
| بيان المسئوليه,etc | السيد العديسي. |
| 250 ## - بيان الطبعة | |
| بيان الطبعة | الطبعة الأولى. |
| 264 #1 - النشر، التوزيع | |
| مكان الناشر او الموزع | القاهرة : |
| اسم الناشر او الموزع | الهيئة العامة لقصور الثقافة، |
| تاريخ النشر أو التوزيع | 2004. |
| 300 ## - الوصف المادى | |
| التعداد | 88 صفحة ؛ |
| أبعاد الوعاء | 20 سم. |
| 336 ## - نوع المحتوى | |
| source | rdacontent |
| Carrier Type Term | نص |
| Content Type Code | txt |
| 337 ## - نوع الوسيط | |
| source | rdamedia |
| Media Type Term | بدون وسيط |
| Media Type Code | n |
| 338 ## - نوع الحامل أو الناقل | |
| source | rdacarrier |
| Carrier Type Term | مجلد |
| Carrier Type Code | nc |
| 490 0# - بيان السلسلة | |
| عنوان السلسلة | ؛ إبداعات |
| رقم المجلد/ التعيين التسلسلي | 216 |
| 590 ## - تبصرة محلية(RLIN) | |
| تبصرة محلية | yassmeen ashraf |
| 650 #7 - المدخل الاضافى بالموضوع-مصطلح موضوعى | |
| 9 (RLIN) | 7995 |
| مصطلح موضوعي أو اسم جغرافي كعنصر مدخل | الشعر العربي |
| التقسيم الفرعي الجغرافي | دواوين وقصائد. |
| مصدر الرأس أو المصطلح | BUEsh |
| 651 ## - المدخل الاضافى بالموضوع - اسم جغرافى | |
| مصدر الرأس أو المصطلح | BUEsh |
| 653 ## - مصطلح تكشيفى غير مقيد | |
| Arrived date list | July2011 |
| Resource For college | Arabic Literature |
| 655 ## - مصطلح تكشيفى-نوع/شكل | |
| التقسيم الفرعي الشكلي | Reading book |
| -- | 34232 |
| 942 ## - عناصر المدخل الإضافي( كوها) | |
| مصدر التصنيف او مخطط الترفيف | Dewey Decimal Classification |
| Koha [default] item type | Book - Borrowing |
| حالة التراجع | حالة الفقد | مصدر التصنيف او خطة الترفيف | تحديد مواد ( مجلدات مجمعه أو جزء أخر) | حالة تلف | ليس للاعارة | مجموعات كوها | المكان الدائم | المكان الحالي | موقع الترفيف | تاريخ الاكتساب | Source of acquisition | رقم الاستدعاء | الباركود | Date last seen | نوع الوعاء |
|---|---|---|---|---|---|---|---|---|---|---|---|---|---|---|---|
| Dewey Decimal Classification | Alef-Baa | Central Library | Central Library | Second Floor | 27/08/2009 | Purchase | 892.716 ع د ي | 000018143 | 15/07/2025 | Book - Borrowing | |||||
| Dewey Decimal Classification | Alef-Baa | Central Library | Central Library | Second Floor | 27/08/2009 | 892.716 ع د ي | 000018142 | 15/07/2025 | NB - Book (Non borrowing) | ||||||
| Dewey Decimal Classification | Alef-Baa | Central Library | Central Library | Second Floor | 02/09/2009 | 892.716 ع د ي | 000018189 | 15/07/2025 | Book - Borrowing | ||||||
| Dewey Decimal Classification | Alef-Baa | Central Library | Central Library | Second Floor | 02/09/2009 | 892.716 ع د ي | 000018210 | 15/07/2025 | Book - Borrowing |